par quels clubs sont passés ces joueurs ? - Statistiques

Statistiques générales
  • Ce quiz a été pris 149 fois
  • Le résultat moyen est 8 sur 15
Statistiques - réponses
Hint Réponse % Correct
Boca Juniors, SC Corinthians, West Ham, Manchester United, Manchester City, Juventus, Boca Juniors, Shangai, Boca Juniors Carlos Tevez
78%
Frejus, LOSC, Valence, AC Milan, Seville, OM, Fenerbahce,Sotchi, Boavista,Troyes Adil Rami
72%
AC Milan, Dijon, LOSC Lille, AS Monaco, AS Saint-Étienne, Borussia Dortmund, Arsenal, FC Barcelone, Chelsea FC Pierre-Emerick Aubameyang
71%
Cruzeiro EC, PSV Eindhoven, FC Barcelone, Inter Milan, Real Madrid, AC Milan, SC Corinthians Ronaldo
71%
PSG, Arsenal, Real Madrid, PSG, Liverpool, Man City, Fenerbahce, Bolton Wanderers, Chelsea, Shangai, Juventus, West bromwich, Mumbai Nicolas Anelka
70%
ASPV Strasbourg, SV Linx, US Raon-l'Étape, US Avranches, US Quevilly-Rouen, Arminia Bielefeld, RC Lens, Olympique de Marseille Jonathan Clauss
62%
Sheffield United, Hull City, Wigan Athletic, Leicester City, Manchester United Harry Maguire
60%
Chivas Guadalajara, Manchester United, Real Madrid, Bayer Leverkusen, West Ham United, Séville FC, Los Angeles Galaxy Javier Hernandez
59%
Argentinos Juniors, Boca Juniors, FC Barcelone, SSC Naples, Séville FC, Newell's Old Boys, Boca Juniors Diego Maradona
58%
Hoffenheim, Bayern Munich, Dortmund Niklas Sule
53%
Slovan Bratislava, Brescia Calcio, SSC Naples, Dalian Yifang, IFK Göteborg, Trabzonspor Marek Hamsik
44%
El Nacional, Villareal, Recreativo Huelva, Wigan, Manchester United (339 mathcs), Quito, Queretaro Antonio Valencia
42%
Atlético Nacional, OGC Nice, Arsenal,Naples, Al-Nassr FC David Ospina
38%
Real Madrid Castilla, Real Madrid, Bolton Wanderers, Fiorentina, Sunderland, Chelsea, FC Barcelone Marcos Alonso
32%
Arsenal, Celta Vigo, Salamanque, Osasuna, West Bromwich, Real Sociedad, Los Angeles FC Carlos Vela
31%
Aucun quiz correspondant
Distribution des résultats
% des personnes avec chaque résultat
Percentile par nombre de réponses
Votre historique - résultats
Vous n’avez pas pris ce quiz